Catálogo
 En Linea
Vista normal Vista MARC

Entrada Nombre personal

Número de registros utilizados en: 1

001 - NÚMERO DE CONTROL

  • campo de control: 64167

003 - IDENTIFICADOR DEL NÚMERO DE CONTROL

  • campo de control: BNPHU

005 - FECHA Y HORA DE LA ÚLTIMA TRANSACCIÓN

  • campo de control: 20240305131952.0

008 - DATOS DE LONGITUD FIJA

  • campo de control de longitud fija: 200615|| aca||aabn | a|a d

040 ## - FUENTE DE LA CATALOGACIÓN

  • Centro catalogador/agencia de origen: DO-SdBNP
  • Lengua de catalogación: spa
  • Centro/agencia transcriptor: BNPHU
  • Normas de descripción: rda

100 1# - ENCABEZAMIENTO-NOMBRE DE PERSONA

  • Nombre de persona: Paulino Martínez, Rafael

370 ## - LUGAR ASOCIADO

  • Lugar de nacimiento: Villa González , Santiago de los Caballeros (República Dominicana)

374 ## - OCUPACIÓN

  • Ocupación: Lic. Ciencias Sociales
  • Ocupación: Abogado

375 ## - GÉNERO/SEXO

  • Género/Sexo: Masculino

377 ## - LENGUA/LENGUAJE ASOCIADO

  • Código del idioma: spa

400 1# - TRAZADO DE VÉASE--NOMBRE DE PERSONA

  • Nombre de persona: Martínez, Rafael Paulino

670 ## - FUENTE DE DATOS ENCONTRADOS

  • Cita de la fuente: Work cat.: (OSt)37198: Paulino Martínez, Rafael, Perfil sociológico de un monarca en el estado dominicano /, 2012.

670 ## - FUENTE DE DATOS ENCONTRADOS

  • Cita de la fuente: Paulino Martínez, Rafael, Metodología de la investigación científica

Con tecnología Koha